00828cam a22002172 4500001001100000005001700011008004100028020001700069040001500086245017500101250001300276260002700289300001700316650005200333650005400385650006400439700003700503700003200540700003500572852000300607000002360920151217152245.0130311s xx 000 0 eng d a1841137681 : aKABUcKABU10aFighting for political freedom :bcomparative studies of the legal complex and political liberalism /cedited by Terence C. Halliday, Lucien Karpik and Malcolm M. Feeley. a1st ed. aOxford :bHart,c2007. axii, 508 p. 0aLiberalismxCross-cultural studies.@0000183128 0aCivil rightsxCross-cultural studies.@0000183129 0aLawxPolitical aspectsxCross-cultural studies.@00001831301 aHalliday, Terence C.@00001831311 aKarpik, Lucien.@00001831321 aFeeley, Malcolm M.@00001831331